<?xml version="1.0" encoding="UTF-8"?>
<record
    xmlns:xsi="http://www.w3.org/2001/XMLSchema-instance"
    xsi:schemaLocation="http://www.loc.gov/MARC21/slim http://www.loc.gov/standards/marcxml/schema/MARC21slim.xsd"
    xmlns="http://www.loc.gov/MARC21/slim">

  <leader>01195nas a2200253 i 4500</leader>
  <controlfield tag="003">DO-SdBNP</controlfield>
  <controlfield tag="005">20250610092320.0</controlfield>
  <controlfield tag="007">ta</controlfield>
  <controlfield tag="008">250610e2025    dr un|||r||||||0| | spa d</controlfield>
  <datafield tag="040" ind1=" " ind2=" ">
    <subfield code="a">DO-SdBNP</subfield>
    <subfield code="b">spa</subfield>
    <subfield code="c">BNPHU</subfield>
    <subfield code="e">rda</subfield>
  </datafield>
  <datafield tag="041" ind1=" " ind2=" ">
    <subfield code="h">spa</subfield>
  </datafield>
  <datafield tag="110" ind1=" " ind2=" ">
    <subfield code="a">Refiner&#xED;a Dominicana de Petr&#xF3;leo, S.A (Refidomsa)</subfield>
    <subfield code="9">86469</subfield>
  </datafield>
  <datafield tag="245" ind1=" " ind2=" ">
    <subfield code="a">Memorias 2020-2024 : </subfield>
    <subfield code="b">una gesti&#xF3;n de compromiso / </subfield>
    <subfield code="c">Refiner&#xED;a Dominicana de Petr&#xF3;leo.</subfield>
  </datafield>
  <datafield tag="264" ind1=" " ind2=" ">
    <subfield code="a">Santo Domingo, Rep&#xFA;blica Dominicana : </subfield>
    <subfield code="b">Refiner&#xED;a Dominicana de Petr&#xF3;leo.</subfield>
    <subfield code="b">B&#xFA;ho,</subfield>
    <subfield code="c">2025.</subfield>
  </datafield>
  <datafield tag="300" ind1=" " ind2=" ">
    <subfield code="a">volumen : </subfield>
    <subfield code="b">ilustraciones, fotograf&#xED;as, gr&#xE1;ficas, mapas ; </subfield>
    <subfield code="c">30. 5 cm.</subfield>
  </datafield>
  <datafield tag="310" ind1=" " ind2=" ">
    <subfield code="a">Desconocido.</subfield>
  </datafield>
  <datafield tag="336" ind1=" " ind2=" ">
    <subfield code="a">texto</subfield>
    <subfield code="b">txt</subfield>
    <subfield code="2">rdacontent</subfield>
  </datafield>
  <datafield tag="337" ind1=" " ind2=" ">
    <subfield code="a">sin mediaci&#xF3;n </subfield>
    <subfield code="b">n</subfield>
    <subfield code="2">rdamedia</subfield>
  </datafield>
  <datafield tag="338" ind1=" " ind2=" ">
    <subfield code="a">volumen</subfield>
    <subfield code="b">nc</subfield>
    <subfield code="2">rdacarrier</subfield>
  </datafield>
  <datafield tag="362" ind1=" " ind2=" ">
    <subfield code="a">Memorias 2020-2024.</subfield>
  </datafield>
  <datafield tag="520" ind1=" " ind2=" ">
    <subfield code="a">La Refiner&#xED;a Dominicana de Petr&#xF3;leo, S.A., tambi&#xE9;n conocida por su acr&#xF3;nimo oficial Refidomsa, es una empresa de refinaci&#xF3;n de petr&#xF3;leo e importaci&#xF3;n y comercializaci&#xF3;n de productos derivados del petr&#xF3;leo de la Rep&#xFA;blica Dominicana.</subfield>
  </datafield>
  <datafield tag="650" ind1=" " ind2="0">
    <subfield code="a">Industria del petr&#xF3;leo</subfield>
    <subfield code="x">Historia</subfield>
    <subfield code="v">Publicaciones peri&#xF3;dicas </subfield>
    <subfield code="z">Rep&#xFA;blica Dominicana</subfield>
    <subfield code="9">26220</subfield>
  </datafield>
  <datafield tag="942" ind1=" " ind2=" ">
    <subfield code="2">ddc</subfield>
    <subfield code="c">ISSUE</subfield>
  </datafield>
  <datafield tag="952" ind1=" " ind2=" ">
    <subfield code="0">0</subfield>
    <subfield code="1">0</subfield>
    <subfield code="2">ddc</subfield>
    <subfield code="4">0</subfield>
    <subfield code="5">6</subfield>
    <subfield code="7">0</subfield>
    <subfield code="8">SE</subfield>
    <subfield code="a">BNPHU</subfield>
    <subfield code="b">BNPHU</subfield>
    <subfield code="d">2025-06-10</subfield>
    <subfield code="h">Memorias 2020-2024</subfield>
    <subfield code="l">0</subfield>
    <subfield code="p">2025-4977</subfield>
    <subfield code="r">2025-06-10</subfield>
    <subfield code="t">e.1</subfield>
    <subfield code="w">2025-06-10</subfield>
    <subfield code="y">ISSUE</subfield>
  </datafield>
  <datafield tag="952" ind1=" " ind2=" ">
    <subfield code="0">0</subfield>
    <subfield code="1">0</subfield>
    <subfield code="2">ddc</subfield>
    <subfield code="4">0</subfield>
    <subfield code="5">6</subfield>
    <subfield code="7">0</subfield>
    <subfield code="8">SE</subfield>
    <subfield code="a">BNPHU</subfield>
    <subfield code="b">BNPHU</subfield>
    <subfield code="d">2025-06-10</subfield>
    <subfield code="h">Memorias 2020-2024</subfield>
    <subfield code="l">0</subfield>
    <subfield code="p">2025-4978</subfield>
    <subfield code="r">2025-06-10</subfield>
    <subfield code="t">e.2</subfield>
    <subfield code="w">2025-06-10</subfield>
    <subfield code="y">ISSUE</subfield>
  </datafield>
  <datafield tag="999" ind1=" " ind2=" ">
    <subfield code="c">59189</subfield>
    <subfield code="d">59189</subfield>
  </datafield>
</record>
